Menguasai perisian pemproses perkataan : Microsoft Word XP
| Main Author: | |
|---|---|
| Other Authors: | |
| Format: | Book |
| Published: |
Kuala Lumpur :
Venton Pub. ,
2001
|
| Subjects: |
MARC
| LEADER | 00000cam a2200000 7i4500 | ||
|---|---|---|---|
| 001 | 0000003169 | ||
| 005 | 20050308.0 | ||
| 020 | 0 | 0 | |a 9832031486 |
| 090 | 0 | 0 | |a 652.55369 |b JAM |
| 100 | 0 | 0 | |a Jamalludin Harun |
| 245 | 0 | 0 | |a Menguasai perisian pemproses perkataan : |b Microsoft Word XP |c Jamalludin Harun, Zaidatun Tasir |
| 260 | 0 | 0 | |a Kuala Lumpur : |b Venton Pub. , |c 2001 |
| 300 | |a vi, 359ms. : |b il.c 26cm | ||
| 650 | 0 | 0 | |a Word processing |
| 700 | 0 | 1 | |a Zaidatun Tasir |
| 999 | |a 0000005523 |b Monograph |c Open Shelf |e Default branch | ||